Les 100 prénoms les plus portés en France en 2026 - Statistiques

Statistiques générales
  • Ce quiz a été pris 174 fois
    50 depuis la dernière actualisation
  • Le résultat moyen est 39 sur 100
Statistiques - réponses
Nombre Prénoms % Correct
800 000 Jean
88%
115 000 Louis
82%
130 000 Paul
76%
50 000 Emma
70%
930 000 Marie
64%
550 000 Michel
61%
65 000 Léa
58%
160 000 Lucas
58%
200 000 Antoine
55%
150 000 Clément
55%
95 000 Gabriel
55%
160 000 Julie
55%
450 000 Pierre
55%
285 000 Thomas
55%
350 000 Christian
52%
155 000 Kévin
52%
370 000 Nicolas
52%
165 000 Olivier
52%
320 000 Stéphane
52%
360 000 Christophe
48%
150 000 Emilie
48%
275 000 Eric
48%
105 000 François
48%
290 000 Julien
48%
270 000 Alexandre
45%
135 000 Camille
45%
350 000 Catherine
45%
210 000 Maxime
45%
300 000 Anne
42%
125 000 Elodie
42%
190 000 Jacques
42%
330 000 Laurent
42%
360 000 Nathalie
42%
400 000 Philippe
42%
185 000 Romain
42%
54 000 Charlotte
39%
280 000 Christine
39%
240 000 Claude
39%
310 000 David
39%
250 000 Guillaume
39%
340 000 Isabelle
39%
52 000 Juliette
39%
88 000 Marc
39%
115 000 Marion
39%
260 000 Martine
39%
85 000 Mathilde
39%
230 000 Patrick
39%
90 000 Pauline
39%
220 000 Sandrine
39%
190 000 Sophie
39%
175 000 Thierry
39%
63 000 Alice
36%
140 000 Aurélie
36%
90 000 Baptiste
36%
300 000 Bernard
36%
210 000 Céline
36%
68 000 Chloé
36%
140 000 Hugo
36%
135 000 Mathieu
36%
180 000 Monique
36%
260 000 Sébastien
36%
130 000 Stéphanie
36%
380 000 Alain
33%
55 000 Claire
33%
145 000 Florian
33%
240 000 Françoise
33%
78 000 Hélène
33%
95 000 Laura
33%
180 000 Pascal
33%
100 000 Sarah
33%
220 000 Vincent
33%
85 000 Benjamin
30%
165 000 Brigitte
30%
280 000 Daniel
30%
120 000 Jérémy
30%
75 000 Justine
30%
330 000 Sylvie
30%
80 000 Alexis
27%
57 000 Cécile
27%
80 000 Christiane
27%
110 000 Florence
27%
170 000 Franck
27%
73 000 Marine
27%
145 000 Nicole
27%
155 000 Patricia
27%
75 000 René
27%
230 000 Valérie
27%
110 000 Arthur
24%
70 000 Laëtitia
24%
70 000 Raphaël
24%
125 000 Anthony
21%
105 000 Audrey
21%
170 000 Chantal
21%
100 000 Gérard
21%
120 000 Jacqueline
21%
88 000 Corinne
18%
200 000 Véronique
18%
59 000 Pascale
9%
48 000 Suzanne
9%
61 000 Myriam
6%
Aucun quiz correspondant
Distribution des résultats
% des personnes avec chaque résultat
Percentile par nombre de réponses
Votre historique - résultats
Vous n’avez pas pris ce quiz depuis la dernière actualisation